|
|
|
|
| LEADER |
01766nam a2200505 i 4500 |
| 001 |
nkc20172883090 |
| 003 |
CZ PrNK |
| 005 |
20170531143954.0 |
| 007 |
ta |
| 008 |
170330s2017 xr e 000 1 cze |
| 015 |
|
|
|a cnb002883090
|
| 020 |
|
|
|a 978-80-200-2710-8
|q (vázáno)
|
| 035 |
|
|
|a (OCoLC)989928292
|
| 040 |
|
|
|a ABA001
|b cze
|d BOA001
|e rda
|
| 041 |
1 |
|
|a cze
|h hun
|
| 072 |
|
7 |
|a 17
|x Etika. Morální filozofie
|2 Konspekt
|9 5
|
| 080 |
|
|
|a 17.02
|2 MRF
|
| 080 |
|
|
|a 141.2(37/38)
|2 MRF
|
| 080 |
|
|
|a (0:82-84)
|2 MRF
|
| 100 |
1 |
|
|a Márai, Sándor,
|d 1900-1989
|7 jn19990210417
|4 aut
|
| 240 |
1 |
0 |
|a Füves könyv.
|l Česky
|7 aun2017952677
|
| 245 |
1 |
0 |
|a Herbář /
|c Sándor Márai ; z maďarského originálu Füves könyv ... přeložila Dana Gálová
|
| 250 |
|
|
|a Vydání první
|
| 264 |
|
1 |
|a Praha :
|b Academia,
|c 2017
|
| 300 |
|
|
|a 265 stran ;
|c 21 cm
|
| 336 |
|
|
|a text
|b txt
|2 rdacontent
|
| 337 |
|
|
|a bez média
|b n
|2 rdamedia
|
| 338 |
|
|
|a svazek
|b nc
|2 rdacarrier
|
| 490 |
1 |
|
|a Paměť ;
|v sv. 89
|
| 650 |
0 |
7 |
|a životní moudrost
|7 ph128026
|2 czenas
|
| 650 |
0 |
7 |
|a stoicismus
|7 ph126109
|2 czenas
|
| 650 |
0 |
9 |
|a life wisdom
|2 eczenas
|
| 650 |
0 |
9 |
|a stoicism
|2 eczenas
|
| 655 |
|
7 |
|a aforismy
|7 fd131784
|2 czenas
|
| 655 |
|
7 |
|a apoftegmata
|7 fd903231
|2 czenas
|
| 655 |
|
9 |
|a aphorisms
|2 eczenas
|
| 655 |
|
9 |
|a apophthegmata
|2 eczenas
|
| 700 |
1 |
|
|a Gálová, Dana,
|d 1960-2015
|7 ola2003209126
|4 trl
|
| 830 |
|
0 |
|a Paměť (Academia)
|0 s
|
| 856 |
4 |
1 |
|u http://www.digitalniknihovna.cz/mzk/uuid/uuid:778759d0-3e10-11eb-a9f6-005056827e51
|y Digitalizovaný dokument
|x NDK
|
| 910 |
2 |
|
|a BOA001
|b 2-1384.986
|
| 990 |
|
|
|a BK
|
| 995 |
|
|
|a 01
|
| 991 |
|
|
|b 201705
|c NOV
|
| 996 |
6 |
|
|b 2610706702
|c 2-1384.986
|l MZK
|r Sklad / do 1 hodiny
|n 5
|p p.v.
|w 001611378
|u 000010
|a 1
|e BOA001
|j MZK50
|s P
|